02510 2200181 4500001002100000005001500021035002000036008003900056245013000095100002200225260006100247300002400308084001800332520193100350082000802281650001902289990002002308INLIS00000000000540120250815095927 a0010-0825000174250815 | | | 1 aAnalisis Strategi Pemasaran Pada CV Surya Terang Bersama Motor 2 Di Tenggarong (Pendekatan Analisis SWOT) /cTufika Handayani aHandayani, Tufika aTenggarong :bFEBIS-Universitas Kutai Kartanegara,c2023 a74 hlm. ;c21x30 cm a658 HAN A C.1 aTufika Handayani, 2020. Judul "Analisis Strategi Pemasaran Pada CV Surya Terang Bersama Motor 2 Di Tenggarong (Pendekatan Analisis SWOT)" Skripsi Fakultas Ekonomi dan Bisnis Universitas Kutai Kartanegara di bawah Bimbingan Bapak Ali Akbar,SE.,M.Si dan Bapak Mawardi,SE.,MM.
Tujuan dari penelitian ini adalah untuk mengetahui posisi bersaing strategi pada CV. Surya Terang Bersama Motor 2 Di Tenggarong serta mengetahui dan mengkaji strategi pemasaran yang tepat untuk diterapkan CV Surya Terang Bersama Motor 2 di Kota Tenggarong dalam menghadapi persaingan bisnis dengan menggunakan alat analisis SWOT. Penggunanan analisis SWOT yang efektif dapat memegang peranan dalam menentukan strategi, agar dapat mengetahui kekuatan, kelemahan, peluang dan ancaman yang dihadapi oleh perusahaan dalam menjaga kelangsungan hidup perusahaan.
Alat analisis yang digunakan dalam penelitian ini adalah metode SWOT dan jumlah responden sebanyak 42 responden.
Berdasarkan penelitian SWOT diperoleh posisi/strategi CV. Surya Terang Bersama Motor 2 saat ini berada pada posisi strategi Agressive yang terletak pada kuadran 1. Fokus strategi perusahaan adalah dengan mendukung kebijakan Agressive Strategy (strategi agresif). Agressive Strategy adalah strategi yang mendukung perusahaan untuk terus memaksimalkan kekuatan serta peluang yang ada untuk terus maju. Strategi yang harus diterapkan adalah memaksimalkan kekuatan dan peluang yang ada /Strategi SO dengan kebijakan sebagai berikut:
1. Memanfaatkan promosi di sosial media yang maksimal untuk menarik minat masyarakat.
2. Memanfaatkan kemudahan lokasi CV. Surya Terang Bersama Motor 2 yang strategis untuk meningkatkan minat masyarakat.
3. Memanfaatkan brand yang terkenal untuk memilih sebagai kebutuhan transportasi sehari hari.
4. Memanfaatkan dan meningkatkan pelayanan yang ramah dan baik kepada konsumen untuk meningkatkan minat masyarakat.
a658 4aManajemen Umum a250813110008666